Dieu, idoles et sorcellerie dans la région Kwango/Bas-Kwilu : (Record no. 127911)
[ view plain ]
| 000 -LEADER | |
|---|---|
| fixed length control field | 01092cam a2200265 i 4500 |
| 001 - CONTROL NUMBER | |
| control field | 872613 |
| 003 - CONTROL NUMBER IDENTIFIER | |
| control field | ARRUPE |
| 005 - DATE AND TIME OF LATEST TRANSACTION | |
| control field | 20180419161936.0 |
| 008 - FIXED-LENGTH DATA ELEMENTS--GENERAL INFORMATION | |
| fixed length control field | 790326s1968 cg b 101 0 fre |
| 010 ## - LIBRARY OF CONGRESS CONTROL NUMBER | |
| LC control number | 79339795 |
| 040 ## - CATALOGING SOURCE | |
| Original cataloging agency | DLC |
| Transcribing agency | DLC |
| Modifying agency | DLC |
| 043 ## - GEOGRAPHIC AREA CODE | |
| Geographic area code | f-cg--- |
| 050 00 - LIBRARY OF CONGRESS CALL NUMBER | |
| Classification number | BL2470.Z2 |
| Item number | S45 1966 |
| 082 00 - DEWEY DECIMAL CLASSIFICATION NUMBER | |
| Classification number | 299/.6 |
| 300 ## - PHYSICAL DESCRIPTION | |
| Dimensions | 27 cm. |
| 100 ## - MAIN ENTRY--PERSONAL NAME | |
| Personal name | Hochegger, Hermann (ed.) |
| 9 (RLIN) | 41576 |
| 245 10 - TITLE STATEMENT | |
| Title | Dieu, idoles et sorcellerie dans la région Kwango/Bas-Kwilu : |
| Remainder of title | rapports et compte rendu de la IIéme Semaine d'études ethno-pastorales, Bandundu, 1966. |
| Statement of responsibility, etc | Edited by Hermann Hochegger |
| 260 ## - PUBLICATION, DISTRIBUTION, ETC. (IMPRINT) | |
| Place of publication, distribution, etc | Bandundu : |
| Name of publisher, distributor, etc | Centre d'études ethnologiques, |
| Date of publication, distribution, etc | c1968. |
| 300 ## - PHYSICAL DESCRIPTION | |
| Extent | vii, 147 p. ; |
| 490 1# - SERIES STATEMENT | |
| Series statement | Publications du Centre d'études ethnologiques : Série I ; v. 2 |
| 500 ## - GENERAL NOTE | |
| General note | Includes index. |
| 504 ## - BIBLIOGRAPHY, ETC. NOTE | |
| Bibliography, etc | Bibliography: p. 137-142. |
| 651 #0 - SUBJECT ADDED ENTRY--GEOGRAPHIC NAME | |
| Geographic name | Congo (Democratic Republic) |
| General subdivision | Religion |
| -- | Congresses. |
| 9 (RLIN) | 41458 |
| 810 2# - SERIES ADDED ENTRY--CORPORATE NAME | |
| Corporate name or jurisdiction name as entry element | Ceeba. |
| Title of a work | Publications du Centre d'études ethnologiques : Série 1 ; |
| Volume/sequential designation | v. 2. |
| 9 (RLIN) | 41459 |
| 906 ## - LOCAL DATA ELEMENT F, LDF (RLIN) | |
| a | 7 |
| b | cbc |
| c | orignew |
| d | 4 |
| e | ncip |
| f | 19 |
| g | y-gencatlg |
| 942 ## - ADDED ENTRY ELEMENTS (KOHA) | |
| Source of classification or shelving scheme | Library of Congress Classification |
| Koha item type | Monograph ( Printed materials) |
| Withdrawn status | Lost status | Source of classification or shelving scheme | Damaged status | Not for loan | Collection code | Home library | Current library | Shelving location | Date acquired | Total Checkouts | Full call number | Barcode | Date last seen | Price effective from | Koha item type |
|---|---|---|---|---|---|---|---|---|---|---|---|---|---|---|---|
| Library of Congress Classification | Main Collection | ARRUPE LIBRARY | ARRUPE LIBRARY | Main Collection | 12/04/2018 | BL2470.Z2 S45 1966 | 46600001759 | 12/04/2018 | 12/04/2018 | Monograph ( Printed materials) |